01350pam a2200325Ia 4500001001200000003000800012006001900020007001500039008004100054010001700095020001500112040002100127035002000148050002400168082001200192245013000204260005500334300001700389490006700406504005300473533015200526650003300678650004600711650001600757655002900773700002300802710001700825830005600842856012600898ebr10041590CaPaEBRm u cr cn|||||||||030529s2003 ne sb 001 0 eng d z 2003051906 z158811418X aCaPaEBRcCaPaEBR a(OCoLC)7077066614aP118.2b.L49 2003eb04a41822104aThe Lexicon-syntax interface in second language aquisitionh[electronic resource] /cedited by Roeland van Hout ... [et al.]. aAmsterdam ;aPhiladelphia :bJ. Benjamins,cc2003. aviii, 242 p.1 aLanguage acquisition & language disorders,x0925-0123 ;vv. 30 aIncludes bibliographical references and indexes. aElectronic reproduction.bPalo Alto, Calif. :cebrary,d2011.nAvailable via World Wide Web.nAccess may be limited to ebrary affiliated libraries. 0aSecond language acquisition. 0aGrammar, Comparative and generalxSyntax. 0aLexicology. 7aElectronic books.2local1 aHout, Roeland van.2 aebrary, Inc. 0aLanguage acquisition & language disorders ;vv. 30.40uhttp://site.ebrary.com/lib/rucke/Doc?id=10041590zAn electronic book accessible through the World Wide Web; click to view